[Event "Kiel op 34th"]
[Site "Kiel"]
[Date "2022.08.02"]
[Round "6"]
[White "Quiring, Nikolai"]
[Black "Lehmann, Simon"]
[Result "1/2-1/2"]
[WhiteElo "1915"]
[BlackElo "1531"]
[PlyCount "108"]
[EventDate "2022.07.30"]
[EventType "swiss"]
[EventRounds "9"]
[EventCountry "GER"]
[SourceTitle "CBM 209 Extra"]
[Source "ChessBase"]
[SourceDate "2022.09.30"]
[SourceVersion "1"]
[SourceVersionDate "2022.09.30"]
[SourceQuality "1"]

1. d4 d6 2. Nf3 Nf6 3. c4 g6 4. Nc3 Bg7 5. e4 c5 6. dxc5 Qa5 7. Bd3 Qxc5 8. Be3 Qa5 9. 0-0 0-0 10. Qd2 Nc6 11. h3 a6 12. a3 Qc7 13. Rac1 Ne5 14. Nxe5 dxe5 15. Nd5 Nxd5 16. cxd5 Qd6 17. Bc5 Qd8 18. Qb4 e6 19. Bxf8 Bxf8 20. Qb3 exd5 21. exd5 f5 22. Bb1 Bd6 23. Rc3 e4 24. Rfc1 Bd7 25. Ba2 b5 26. Qd1 Qg5 27. Rc7 Rd8 28. R1c6 Qf4 29. g3 Qe5 30. Qb3 f4 31. Qc3 Qxc3 32. Rxc3 Bxc7 33. d6+ Kf8 34. dxc7 Rc8 35. Bd5 Re8 36. gxf4 Bc8 37. Kf1 Re7 38. Ke2 Ke8 39. Ke3 Kd7 40. Bxe4 Kd6 41. Rc6+ Kd7 42. Rc3 Kd6 43. h4 Rxc7 44. Rxc7 Kxc7 45. h5 gxh5 46. Bxh7 Kd6 47. f5 Ke5 48. f4+ Kf6 49. Bg6 h4 50. Be8 Kxf5 51. b4 Kg4 52. Bc6 h3 53. f5 h2 54. f6 Be6 1/2-1/2

[Event "Reinstorf op"]
[Site "Reinstorf"]
[Date "2022.02.05"]
[Round "8"]
[White "Poschadel, Andreas Gregor"]
[Black "Lehmann, Simon"]
[Result "1-0"]
[WhiteElo "1981"]
[BlackElo "1322"]
[PlyCount "59"]
[EventDate "2022.01.29"]
[EventType "swiss"]
[EventRounds "9"]
[EventCountry "GER"]
[SourceTitle "CBM 206 Extra"]
[Source "ChessBase"]
[SourceDate "2022.03.31"]
[SourceVersion "1"]
[SourceVersionDate "2022.03.31"]
[SourceQuality "1"]

1. e4 d6 2. d4 Nf6 3. Nc3 g6 4. Bg5 Bg7 5. f4 0-0 6. Nf3 c6 7. Qd2 d5 8. Bxf6 exf6 9. e5 Re8 10. 0-0-0 Be6 11. Bd3 Nd7 12. Rhg1 b5 13. g4 Nb6 14. f5 Bd7 15. exf6 Qxf6 16. g5 Qd6 17. f6 Bf8 18. h4 Nc4 19. Bxc4 bxc4 20. h5 Qa3 21. Qh2 Qd6 22. hxg6 Qxh2 23. gxf7+ Kxf7 24. Nxh2 Bd6 25. Nf3 Re3 26. Rdf1 Bf4 27. Kb1 Rae8 28. Rh1 Kg8 29. f7+ Kxf7 30. Ne5+ 1-0

[Event "Reinstorf op"]
[Site "Reinstorf"]
[Date "2022.01.30"]
[Round "2"]
[White "Lehmann, Simon"]
[Black "Kreusch, Frank"]
[Result "1/2-1/2"]
[WhiteElo "1322"]
[BlackElo "1789"]
[PlyCount "97"]
[EventDate "2022.01.29"]
[EventType "swiss"]
[EventRounds "9"]
[EventCountry "GER"]
[SourceTitle "CBM 206 Extra"]
[Source "ChessBase"]
[SourceDate "2022.03.31"]
[SourceVersion "1"]
[SourceVersionDate "2022.03.31"]
[SourceQuality "1"]

1. d4 Nf6 2. Bf4 g6 3. Nf3 Bg7 4. e3 c5 5. c3 Qb6 6. Qb3 Qxb3 7. axb3 cxd4 8. exd4 d6 9. Bd3 Nh5 10. Bd2 0-0 11. 0-0 Nc6 12. Re1 e5 13. dxe5 Nxe5 14. Be4 Nf6 15. Nxe5 Nxe4 16. Nxg6 Nxd2 17. Nxd2 hxg6 18. Nc4 Be6 19. Nxd6 Rfd8 20. Nxb7 Rd2 21. Nc5 Bf5 22. Na4 Rad8 23. h3 Bf8 24. b4 Bd7 25. Nc5 Bxc5 26. bxc5 Rxb2 27. Rxa7 Bb5 28. Rb7 Rdd2 29. Re4 Rxf2 30. Rxb5 Rxg2+ 31. Kh1 Rh2+ 32. Kg1 Rbg2+ 33. Kf1 Rc2 34. Kg1 Rxh3 35. c4 Rd3 36. Rb1 f5 37. Re7 Rd8 38. Re6 Kf7 39. Rc6 Re8 40. Rb7+ Re7 41. Rxe7+ Kxe7 42. Rxg6 Rxc4 43. c6 Kd8 44. Kf2 Kc7 45. Kf3 Kb6 46. Rf6 Rxc6 47. Rxc6+ Kxc6 48. Kf4 Kd5 49. Kxf5 1/2-1/2

[Event "GER-ch U18 sf Berlin Online"]
[Site "Playchess.com INT"]
[Date "2020.05.01"]
[Round "2"]
[White "Lehmann, Simon"]
[Black "Haertel, Leon"]
[Result "1-0"]
[WhiteElo "1620"]
[BlackElo "1277"]
[PlyCount "85"]
[EventDate "2020.05.01"]
[EventType "swiss (blitz)"]
[EventRounds "13"]
[EventCountry "GER"]
[SourceTitle "CBM 195 Extra"]
[Source "ChessBase"]
[SourceDate "2020.05.31"]
[SourceVersion "1"]
[SourceVersionDate "2020.05.31"]
[SourceQuality "1"]

1. e4 e5 2. Nc3 Nf6 3. Nf3 Nc6 4. Bc4 Bc5 5. h3 h6 6. d3 d6 7. 0-0 Bd7 8. Qe2 Nd4 9. Nxd4 Bxd4 10. Nb5 Bxb5 11. Bxb5+ c6 12. Bc4 Qe7 13. c3 Bb6 14. Be3 Bxe3 15. Qxe3 0-0 16. Rfe1 b5 17. Bb3 Rfe8 18. Bc2 d5 19. exd5 Nxd5 20. Qe4 Qg5 21. Bb3 Rad8 22. c4 bxc4 23. dxc4 Ne7 24. Qxe5 Qf5 25. Qxf5 Nxf5 26. Ba4 Rxe1+ 27. Rxe1 c5 28. Re5 Nd4 29. Rxc5 Re8 30. Bxe8 Kf8 31. Rc8 Ne6 32. Bd7+ Ke7 33. Bxe6 Kxe6 34. Rc7 Kf6 35. Rxa7 Kg6 36. b4 Kh7 37. b5 f6 38. b6 Kg6 39. b7 f5 40. b8Q Kg5 41. Qg3+ Kf6 42. Qxg7+ Ke6 43. Ra6# 1-0

[Event "GER-ch U18 sf Berlin Online"]
[Site "Playchess.com INT"]
[Date "2020.05.01"]
[Round "3"]
[White "Lehmann, Simon"]
[Black "Hagner, Bennet"]
[Result "1-0"]
[WhiteElo "1620"]
[BlackElo "1916"]
[PlyCount "57"]
[EventDate "2020.05.01"]
[EventType "swiss (blitz)"]
[EventRounds "13"]
[EventCountry "GER"]
[SourceTitle "CBM 195 Extra"]
[Source "ChessBase"]
[SourceDate "2020.05.31"]
[SourceVersion "1"]
[SourceVersionDate "2020.05.31"]
[SourceQuality "1"]

1. e4 e5 2. Bc4 Nf6 3. Nc3 Nc6 4. d3 Na5 5. Bd5 c6 6. Bb3 d5 7. exd5 Nxb3 8. axb3 cxd5 9. Nf3 Bd6 10. 0-0 0-0 11. Re1 Bg4 12. h3 Bh5 13. g4 Bg6 14. Nxe5 Re8 15. Nxg6 hxg6 16. Bg5 Bb8 17. Bxf6 gxf6 18. Qf3 Re5 19. Rxe5 fxe5 20. Qxd5 Qh4 21. Qxb7 Qxh3 22. Qxa8 e4 23. Qxb8+ Kh7 24. Nxe4 Qxg4+ 25. Qg3 Qe2 26. Rxa7 Kg8 27. Ra8+ Kg7 28. Qe5+ Kh6 29. Rh8# 1-0

[Event "GER-ch U18 sf Berlin Online"]
[Site "Playchess.com INT"]
[Date "2020.05.01"]
[Round "4"]
[White "Metzdorf, Matteo"]
[Black "Lehmann, Simon"]
[Result "1-0"]
[WhiteElo "1864"]
[BlackElo "1620"]
[PlyCount "165"]
[EventDate "2020.05.01"]
[EventType "swiss (blitz)"]
[EventRounds "13"]
[EventCountry "GER"]
[SourceTitle "CBM 195 Extra"]
[Source "ChessBase"]
[SourceDate "2020.05.31"]
[SourceVersion "1"]
[SourceVersionDate "2020.05.31"]
[SourceQuality "1"]

1. e4 d6 2. d4 Nf6 3. Nc3 g6 4. Bg5 Nbd7 5. Qd2 Bg7 6. f3 0-0 7. 0-0-0 e5 8. Bh6 exd4 9. Nce2 c5 10. h4 b6 11. g4 Bb7 12. h5 Qe7 13. Ng3 Ne5 14. Bxg7 Kxg7 15. hxg6 fxg6 16. Qh6+ Kg8 17. g5 Nfd7 18. Be2 a5 19. Nh3 Nxf3 20. Bc4+ Kh8 21. Nf2 Qxg5+ 22. Qxg5 Nxg5 23. Ng4 Ne5 24. Nxe5 dxe5 25. Rdf1 Rxf1+ 26. Rxf1 Nxe4 27. Nxe4 Bxe4 28. Re1 Rb8 29. Rxe4 Kg7 30. Rxe5 h6 31. Re7+ Kf6 32. Re6+ Kf5 33. Rc6 g5 34. Rxh6 g4 35. Rh1 Kf4 36. Kd2 g3 37. Be2 Re8 38. Rg1 Re4 39. Rf1+ Kg5 40. Bd3 Rf4 41. Rg1 Rf2+ 42. Be2 Kf4 43. Ke1 Rh2 44. Kd2 a4 45. b3 axb3 46. axb3 b5 47. Ke1 b4 48. Kd2 Ke4 49. Rxg3 Kd5 50. Rg5+ Ke4 51. Rxc5 d3 52. cxd3+ Kd4 53. Rc4+ Kd5 54. Rxb4 Kc5 55. Rc4+ Kd5 56. Ke3 Ke5 57. Bf3 Rh3 58. d4+ Kd6 59. Rc5 Rh2 60. b4 Rb2 61. b5 Ke6 62. Bg4+ Kd6 63. Ke4 Rb3 64. Bf3 Rb4 65. Rd5+ Kc7 66. Ke5 Kb6 67. Be4 Rxb5 68. Rxb5+ Kxb5 69. Ke6 Kb6 70. d5 Kc7 71. Ke7 Kc8 72. d6 Kb8 73. d7 Ka7 74. d8Q Ka6 75. Qd1 Kb5 76. Qc1 Kb6 77. Kd6 Kb5 78. Qc5+ Ka4 79. Qb6 Ka3 80. Kc5 Ka2 81. Kc4 Ka1 82. Kc3 Ka2 83. Qb2# 1-0